00800nam a2200193 a 450000100100000000500170001000800410002704000250006808200180009310000330011124501140014426000320025830000200029065000380031091000370034804900090038595201950039499900170058900003478920200930073914.0111019s1982 mx 000 0 spa d aDO-SdBNPbspacBNPHU a150.19bM385p1 aMartínez M., Miguel96028613aLa psicología humanista :bfundamentación epistemológica, estructura y método /cMiguel Martínez M. aMéxico :bTrillas,c1982. a170 p ;c24 cm. 4aPsicología humanística935215 aValidado. Control de calidad MFF aBNGR 001052708MOaGRbGRcHDd2011-10-19iLF1l0o150.19 M385pp34789-10r2020-06-25w2020-06-25y2zPerteneció a la biblioteca personal de Juan Isidro Jimenes -GrullónZPréstamo interno c34280d34280